Inquisición, brujería y criptojudaísmo

Saved in:
Bibliografiske detaljer
Hovedforfatter: Caro Baroja, Julio (Author)
Format: Bog
Sprog:spansk
Udgivet: Barcelona Ariel 1974
Udgivelse:3a. ed
Serier:Ariel Quincenal, 37
Fag:
Tags: Tilføj Tag
Ingen Tags, Vær først til at tagge denne postø!

MARC

LEADER 00000nam a2200000 a 4500
001 UCZ9122
003 CL-VaPUC
008 960301e19740000SP |||||||||||||||||spa|d
082 0 4 |a 272.2  |b CAR  |2 21 
100 0 |a Caro Baroja, Julio  |e author  |9 354348 
245 1 0 |a Inquisición, brujería y criptojudaísmo 
250 |a 3a. ed 
300 |a 315 p 
942 |c BK 
945 |d 19960301 00:00:00  |a rleighto 
260 |a Barcelona  |b Ariel  |c 1974 
650 0 |a Inquisición (Iglesia Católica)  |9 258578 
650 0 |a Brujería   |9 335555 
650 0 |a Historia  |9 255047 
583 |a last modification  |c 19960301 00:00:00  |k Rodrigo Vera 
490 0 |a Ariel Quincenal, 37 
999 |c 244704  |d 244702 
952 |0 0  |1 0  |4 0  |6 272_200000000000000_CAR_1974  |7 0  |8 A  |9 258871  |a BIBHIS  |b BIBHIS  |d 2019-11-19  |i 3173399  |l 2  |o 272.2 CAR 1974  |p 3173399  |r 2025-01-20  |s 2024-12-09  |w 2019-11-19  |y BK  |k HIS